000 00882nam a22002057a 4500
003 OSt
005 20250218112545.0
008 241004b |||||||| |||| 00| 0 eng d
040 _c0
100 _aCanada, John Cerzes S.
_eauthor.
_962288
245 _aLevel of effectiveness of budgeting process on enterprises performance :
_ba study among small enterprises in digos city /
_cJohn Cerzes S. Canada, Donna Vee E. Tampipi, Rose Marie Renazo, and Rosiela C. Alberca.
260 _aPhilippines ;
_bUniversity of Mindanao,
_c2022.
300 _avolume 14, pages 2-20,
_billustration.
500 _aResearch Journal, v. 14, iss. 1, pages 2-20, 2022.
700 _aCanada, John Cerzes S.
_eauthor.
_962288
700 _aTampipi, Donna Vee E.
_eauthor.
_964974
700 _aRenazo, Rose Marie.
_eauthor.
_964975
700 _aAlberca, Rosiela C.
_eauthor.
_964976
942 _2ddc
_cPER
999 _c22233
_d22233